Statistics for Historical Mathematics

Click here to take the quiz!

General Stats

  • This quiz has been taken 10 times
  • The average score is 2 of 11

Answer Stats

SumAnswer% Correct
Titanic sinks + JFK asassinated75(1912+1963)
100%
England win World Cup+Elvis Presley dies143(1966+1977)
43%
First man on the moon+Berlin wall comes down158(1969+1989)
43%
Martin Luther King is killed+Winston Churchill dies133(1968+1965)
29%
Wright brothers conduct first powered flight+George V crowned king of Great Britain19(1908+1911)
14%
Vietnam war begins+WWII ends73(1955+1918)
0%
Prohibition begins+Watergate starts92(1920+1972)
0%
Normandy landings+Queen Elizabeth II celebrates Silver jubilee117(1940+1977)
0%
General strike in UK+NATO established75(1926+1949)
0%
Milennium dome opens in London+Falklands war181(199+1982)
0%
JACKPOT YEARS EVENTBattle of Hastings
0%

Score Distribution

Percentile by Number Answered

Percent of People with Each Score

Your Score History

You have not taken this quiz